Optimization by vector space methods (Record no. 8462)

MARC details
000 -LEADER
fixed length control field 00850cam a22002771 4500
001 - CONTROL NUMBER
control field 3120186
003 - CONTROL NUMBER IDENTIFIER
control field OSt
005 - DATE AND TIME OF LATEST TRANSACTION
control field 20240614111317.0
008 - FIXED-LENGTH DATA ELEMENTS--GENERAL INFORMATION
fixed length control field 700802t19681969nyua b 000 0 eng
010 ## - LIBRARY OF CONGRESS CONTROL NUMBER
LC control number 68008716
020 ## - INTERNATIONAL STANDARD BOOK NUMBER
International Standard Book Number 047155359X
040 ## - CATALOGING SOURCE
Transcribing agency MUST
082 00 - DEWEY DECIMAL CLASSIFICATION NUMBER
Classification number 519
Edition number 22
100 1# - MAIN ENTRY--PERSONAL NAME
Personal name Luenberger, David G.,
9 (RLIN) 16950
245 10 - TITLE STATEMENT
Title Optimization by vector space methods
Statement of responsibility, etc. [by] David G. Luenberger.
260 ## - PUBLICATION, DISTRIBUTION, ETC. (IMPRINT)
Place of publication, distribution, etc. New York,
Name of publisher, distributor, etc. Wiley
Date of publication, distribution, etc. [1968, c1969]
300 ## - PHYSICAL DESCRIPTION
Extent xvii, 326 p.:
Other physical details illus.,
Dimensions 23 cm.
440 #0 - SERIES STATEMENT/ADDED ENTRY--TITLE
Title Series in decision and control
9 (RLIN) 17205
504 ## - BIBLIOGRAPHY, ETC. NOTE
Bibliography, etc Bibliography: p. 312-319.
650 #0 - SUBJECT ADDED ENTRY--TOPICAL TERM
Topical term or geographic name as entry element Mathematical optimization.
9 (RLIN) 3011
650 #0 - SUBJECT ADDED ENTRY--TOPICAL TERM
Topical term or geographic name as entry element Vector spaces.
9 (RLIN) 17206
650 #0 - SUBJECT ADDED ENTRY--TOPICAL TERM
Topical term or geographic name as entry element Linear topological spaces.
9 (RLIN) 13134
800 ## - SERIES ADDED ENTRY--PERSONAL NAME
Personal name Ronald A Howard
9 (RLIN) 17207
906 ## - LOCAL DATA ELEMENT F, LDF (RLIN)
a 7
b cbc
c orignew
d u
e ncip
f 19
g y-gencatlg
942 ## - ADDED ENTRY ELEMENTS (KOHA)
Source of classification or shelving scheme Dewey Decimal Classification
Koha item type Open Shelf
Holdings
Withdrawn status Lost status Source of classification or shelving scheme Damaged status Not for loan Home library Current library Date acquired Source of acquisition Inventory number Total Checkouts Full call number Barcode Date last seen Price effective from Koha item type
    Other/Generic Classification Scheme     MUST Main Library MUST Main Library 14/06/2024 Purchase 04/22768   519 LUE 1969 2024-20493 14/06/2024 14/06/2024 Open Shelf
    Other/Generic Classification Scheme     MUST Main Library MUST Main Library 14/06/2024 Purchase 04/22767   519 LUE 1969 2024-20496 14/06/2024 14/06/2024 Open Shelf